000 00585nam a2200217Ia 4500
005 20250425160808.0
008 250425s9999 xx 000 0 und d
020 _a0841202788
041 _aeng
082 _a540.922
100 _aMILES, WYNDHAM D.
245 0 _aAMERICAN CHEMISTS AND CHEMICAL ENGINEERS
250 _aS.E.
260 _aEstados Unidos
_bAMERICAN CHEMICAL SOCIETY
_c1976
260 _aWASHINGTON
300 _a544
650 _aFARMACIAS-ESTADOS UNIDOS-BIOGRAFIA
650 _aINGENIEROS QUIMICOS-ESTADOS UNIDOS-BIOGRAFIA
942 _c01
010 _a5398
999 _c196294
_d196294